000
00301nam a22001217a 4500
020
_a
978-81-907192-5-4
082
_a
823
_b
SEA/F
245
_a
THE FOOLISH TURTLE, THE GREEDY CRANE
260
_a
CHENNAI
_b
SEASONS
520
_a
ENGLISH SHORT STORY
650
_a
ENGLISH SHORT STORY
_z
CHENNAI
942
_c
BK
999
_c
5665
_d
5665